[Event "Rated Blitz tournament ooWblj4P"]
[Site "?"]
[Date "2021.05.27"]
[Round "?"]
[White "Luu77"]
[Black "ThePuB"]
[Result "1-0"]
[WhiteElo "2400"]
[BlackElo "2226"]
[PlyCount "115"]
[EventDate "2021.??.??"]
[EventType "blitz"]

1. e4 e5 2. Nf3 d5 3. exd5 e4 4. Qe2 Qe7 5. Nd4 Nf6 6. Nc3 a6 7. d3 Bg4 8. f3
exf3 9. Qxe7+ Bxe7 10. Nxf3 Bxf3 11. gxf3 Nbd7 12. Bg2 Nb6 13. f4 O-O-O 14. Rg1
Nfxd5 15. Nxd5 Bh4+ 16. Kf1 Nxd5 17. Bxd5 Rxd5 18. Rxg7 Re8 19. Bd2 Rh5 20.
Rxf7 Bd8 21. Re1 Rg8 22. Re2 Rh3 23. Rg2 Re8 24. Be1 h5 25. Rh7 h4 26. Bf2 Rf3
27. Rf7 c5 28. Rg4 c4 29. Kg2 Rxf2+ 30. Kxf2 cxd3 31. cxd3 Bb6+ 32. Kf1 Ba5 33.
Rgg7 Re3 34. Rg8+ Bd8 35. Rff8 Rxd3 36. Ke2 Rd5 37. Rxd8+ Rxd8 38. Rxd8+ Kxd8
39. Kf3 Ke7 40. Kg4 Kf6 41. f5 b5 42. b4 h3 43. Kxh3 Kxf5 44. Kg3 Kg5 45. h4+
Kh5 46. Kh3 Kh6 47. Kg4 Kg6 48. h5+ Kh6 49. Kh4 Kg7 50. Kg5 Kh7 51. h6 Kh8 52.
Kg6 Kg8 53. h7+ Kh8 54. Kh6 a5 55. bxa5 b4 56. a6 b3 57. a7 bxa2 58. a8=Q# {
Normal} 1-0

[Event "Rated Blitz game"]
[Site "?"]
[Date "2021.05.27"]
[Round "?"]
[White "mertgureke"]
[Black "blastol"]
[Result "0-1"]
[WhiteElo "2361"]
[BlackElo "2402"]
[PlyCount "70"]
[EventDate "2021.??.??"]
[EventType "blitz"]

1. e4 e5 2. Nf3 d5 3. exd5 Bd6 4. d3 f5 5. Nc3 Nf6 6. Be2 O-O 7. O-O c6 8. dxc6
Nxc6 9. Bg5 Qe8 10. Bxf6 Rxf6 11. Nd5 Rh6 12. h3 Qg6 13. Kh1 e4 14. dxe4 fxe4
15. Ng1 Be6 16. Bc4 Kh8 17. Ne3 Bxh3 18. Nxh3 Ne5 19. Be2 Rf8 20. c4 Nf3 21.
Bxf3 exf3 22. Qb3 Re8 23. Qc2 fxg2+ 24. Kg1 gxf1=Q+ 25. Kxf1 Qxc2 26. Nxc2 Rxh3
27. Ne3 Rh1+ 28. Kg2 Rxa1 29. b4 Bxb4 30. c5 Bxc5 31. a4 Bxe3 32. fxe3 Rxe3 33.
a5 Rb3 34. a6 Ra2+ 35. Kf1 Rb1# {Normal} 0-1

[Event "Rated Blitz game"]
[Site "?"]
[Date "2021.05.27"]
[Round "?"]
[White "chess-ly"]
[Black "GoughPhar"]
[Result "0-1"]
[WhiteElo "2432"]
[BlackElo "2443"]
[PlyCount "30"]
[EventDate "2021.??.??"]
[EventType "blitz"]

1. e4 e5 2. Nf3 d5 3. Nxe5 Bd6 4. d4 dxe4 5. Bc4 Bxe5 6. dxe5 Qxd1+ 7. Kxd1
Bg4+ 8. Be2 Bxe2+ 9. Kxe2 Nc6 10. Nc3 O-O-O 11. Nxe4 Nd4+ 12. Kf1 Nxc2 13. Rb1
Rd1+ 14. Ke2 Rxh1 15. Ng5 Nh6 {Normal} 0-1

[Event "Rated Blitz game"]
[Site "?"]
[Date "2021.05.27"]
[Round "?"]
[White "Ahmed-abdelsattar"]
[Black "liaqat321"]
[Result "0-1"]
[WhiteElo "2433"]
[BlackElo "2353"]
[PlyCount "74"]
[EventDate "2021.??.??"]
[EventType "blitz"]

1. e4 e5 2. Nf3 d5 3. Nc3 d4 4. Ne2 Bd6 5. Ng3 Nc6 6. Bc4 Be6 7. Bxe6 fxe6 8.
d3 Qd7 9. a3 O-O-O 10. b4 h5 11. h4 Nf6 12. Bd2 Kb8 13. b5 Ne7 14. a4 Ng6 15.
Qb1 Nf4 16. O-O Ng4 17. Ng5 Rdf8 18. Qb3 Rf6 19. a5 Ng6 20. Nf3 Rxf3 21. gxf3
Nxh4 22. fxg4 Nf3+ 23. Kg2 Nxd2 24. Qa2 Nxf1 25. Nxh5 Nd2 26. Rd1 Bb4 27. a6 b6
28. f3 g6 29. Nf6 Qxb5 30. Qxe6 Qxa6 31. Qxe5 Rd8 32. Rh1 Qa2 33. Rh7 Bd6 34.
Nd7+ Rxd7 35. Qe8+ Kb7 36. Qxd7 Qxc2 37. Qxd6 Nxe4+ {Normal} 0-1

[Event "Rated Blitz game"]
[Site "?"]
[Date "2021.05.27"]
[Round "?"]
[White "weeza"]
[Black "NoName-Master"]
[Result "0-1"]
[WhiteElo "2421"]
[BlackElo "2390"]
[PlyCount "86"]
[EventDate "2021.??.??"]
[EventType "blitz"]

1. e4 e5 2. Nf3 d5 3. exd5 e4 4. Ng1 Bc5 5. d4 exd3 6. Bxd3 Nf6 7. c4 O-O 8.
Ne2 Ng4 9. Be3 Bxe3 10. fxe3 Nxe3 11. Qc1 Nxg2+ 12. Kd1 Bg4 13. Rg1 Qf6 14. Be4
Qf2 15. Rxg2 Bxe2+ 16. Kc2 Qd4 17. Rxe2 Na6 18. a3 Nc5 19. Qe3 Qxc4+ 20. Nc3
Rfe8 21. Kb1 f5 22. Rg2 Nxe4 23. Kc2 Nxc3 24. Qxc3 Qe4+ 25. Kb3 Qxg2 26. Rd1 f4
27. d6 Re3 28. Rd3 cxd6 29. Qc4+ d5 30. Qc3 Rxd3 31. Qxd3 Qe4 32. Qf1 Qc4+ 33.
Qxc4 dxc4+ 34. Kxc4 Re8 35. Kd3 f3 36. Kc3 f2 37. Kb3 f1=Q 38. Kb4 Qd3 39. Ka4
Re4+ 40. b4 Qd5 41. h3 Re3 42. h4 b5+ 43. Ka5 Rxa3# {Normal} 0-1

[Event "Rated Blitz game"]
[Site "?"]
[Date "2021.05.27"]
[Round "?"]
[White "stuffings"]
[Black "pasha1984"]
[Result "0-1"]
[WhiteElo "2395"]
[BlackElo "2410"]
[PlyCount "84"]
[EventDate "2021.??.??"]
[EventType "blitz"]

1. e4 e5 2. Nf3 d5 3. exd5 e4 4. Nd4 Nf6 5. c4 c6 6. d3 Bb4+ 7. Bd2 Bxd2+ 8.
Nxd2 cxd5 9. c5 O-O 10. Be2 exd3 11. Bxd3 Re8+ 12. Be2 Qa5 13. N4b3 Qb5 14. a4
Qa6 15. Kf1 Qe6 16. h3 Nc6 17. a5 a6 18. Nf3 Ne4 19. Nfd4 Nxd4 20. Nxd4 Qf6 21.
Bf3 Nxc5 22. Rc1 Ne4 23. b4 Bd7 24. Kg1 Rac8 25. Rxc8 Rxc8 26. Ne2 Be6 27. h4
Qb2 28. Bxe4 dxe4 29. Kh2 Qxb4 30. Ng3 Qxa5 31. Re1 f5 32. Qd6 Re8 33. Rc1 Qd8
34. Qf4 Rf8 35. Rc7 Rf7 36. Rxf7 Kxf7 37. h5 g6 38. hxg6+ hxg6 39. Ne2 Qh8+ 40.
Kg1 Qa1+ 41. Kh2 Kf6 42. Qe3 Qe5+ {Time forfeit} 0-1

[Event "Rated Blitz game"]
[Site "?"]
[Date "2021.05.27"]
[Round "?"]
[White "jGabriel-Ledezma"]
[Black "GoughPhar"]
[Result "0-1"]
[WhiteElo "2346"]
[BlackElo "2444"]
[PlyCount "22"]
[EventDate "2021.??.??"]
[EventType "blitz"]

1. e4 e5 2. Nf3 d5 3. exd5 e4 4. Qe2 Nf6 5. d3 Qxd5 6. dxe4 Nxe4 7. Nc3 Bb4 8.
Bd2 Bxc3 9. Bxc3 O-O 10. Qc4 Nxc3 11. bxc3 Re8+ {Normal} 0-1

[Event "Rated Blitz game"]
[Site "?"]
[Date "2021.05.27"]
[Round "?"]
[White "SergIomiguel"]
[Black "DarthZannah"]
[Result "1/2-1/2"]
[WhiteElo "2392"]
[BlackElo "2518"]
[PlyCount "86"]
[EventDate "2021.??.??"]
[EventType "blitz"]

1. e4 e5 2. Nf3 d5 3. Nxe5 dxe4 4. Nc3 Qd4 5. Nc4 Nf6 6. Nb5 Qd8 7. d4 a6 8.
Nc3 Nc6 9. d5 Ne7 10. Ne3 Nf5 11. Nxf5 Bxf5 12. Bg5 Bb4 13. Qd4 Qe7 14. O-O-O
Bc5 15. Qd2 h6 16. Be3 O-O 17. h3 Bxe3 18. Qxe3 Rfd8 19. g4 Bg6 20. Bg2 Re8 21.
Rd4 Rad8 22. Rhd1 Qc5 23. Nxe4 Bxe4 24. Bxe4 Rxe4 25. Rxe4 Nxe4 26. Qxe4 Qxf2
27. a3 Qf6 28. Qf5 Qxf5 29. gxf5 Kf8 30. c4 Ke7 31. Kc2 g5 32. fxg6 fxg6 33.
Kd3 g5 34. Ke4 Rf8 35. c5 h5 36. Rg1 Rf4+ 37. Ke5 Rf3 38. Rxg5 Rxh3 39. Rg7+
Kd8 40. Rg8+ Kd7 41. Rg7+ Kd8 42. Rg8+ Kd7 43. Rg7+ Kd8 {Normal} 1/2-1/2

[Event "Rated Blitz tournament rRiEKwqA"]
[Site "?"]
[Date "2021.05.27"]
[Round "?"]
[White "gustavoM95"]
[Black "tiberionsky"]
[Result "1-0"]
[WhiteElo "2401"]
[BlackElo "2217"]
[PlyCount "113"]
[EventDate "2021.??.??"]
[EventType "blitz"]

1. e4 e5 2. Nf3 d5 3. Nxe5 Bd6 4. d4 dxe4 5. Bf4 Nc6 6. Nxc6 bxc6 7. Qd2 Nf6 8.
Nc3 Bxf4 9. Qxf4 Qxd4 10. Rd1 Qb4 11. Qxc7 O-O 12. Qxc6 Bg4 13. Qb5 Qxb5 14.
Bxb5 Bxd1 15. Kxd1 Rab8 16. Kc1 Rfc8 17. Rd1 h5 18. Be2 h4 19. Rd4 Rd8 20. Ra4
Rb7 21. Nxe4 Nxe4 22. Rxe4 g5 23. b3 Kf8 24. Bd3 Rc7 25. Kb2 Re7 26. Rg4 f6 27.
g3 hxg3 28. fxg3 Rxd3 29. cxd3 Re2+ 30. Ka3 Rxh2 31. Ra4 Rg2 32. g4 a5 33. Rxa5
Rxg4 34. Rf5 Kg7 35. b4 Rd4 36. b5 Rxd3+ 37. Kb4 Kg6 38. Rf1 g4 39. b6 Rd2 40.
a4 f5 41. Kc5 Rc2+ 42. Kd6 Ra2 43. b7 Rb2 44. Kc7 Rc2+ 45. Kd8 Rd2+ 46. Kc8
Rc2+ 47. Kb8 g3 48. a5 Kg5 49. a6 f4 50. a7 Ra2 51. a8=Q Re2 52. Qa5+ Kg4 53.
Qd5 g2 54. Qf3+ Kh4 55. Qxe2 gxf1=Q 56. Qxf1 Kg3 57. Kc7 {Normal} 1-0

[Event "Rated Blitz game"]
[Site "?"]
[Date "2021.05.27"]
[Round "?"]
[White "Pelotademani"]
[Black "Sinquefield"]
[Result "0-1"]
[WhiteElo "2205"]
[BlackElo "2430"]
[PlyCount "61"]
[EventDate "2021.??.??"]
[EventType "blitz"]

1. e4 e5 2. Nf3 d5 3. exd5 e4 4. Qe2 Qxd5 5. Nc3 Qa5 6. Qxe4+ Be7 7. Bb5+ c6 8.
Bc4 Nf6 9. Qe2 Bg4 10. O-O Nbd7 11. Re1 Qd8 12. Bxf7+ Kxf7 13. Ng5+ Kg6 14. f3
Kxg5 15. d4+ Kg6 16. fxg4 Re8 17. g5 Nd5 18. Qe6+ Bf6 19. Qxe8+ Qxe8 20. Rxe8
Bxd4+ 21. Kf1 Rxe8 22. Nxd5 cxd5 23. c3 Bb6 24. g4 Ne5 25. h3 Nd3 26. Bd2 Nxb2
27. h4 Nc4 28. h5+ Kf7 29. Bf4 Be3 30. Bc7 Bxg5 31. Kg2 {Normal} 0-1

[Event "Rated Blitz game"]
[Site "?"]
[Date "2021.05.27"]
[Round "?"]
[White "BoomerAangie"]
[Black "magos33"]
[Result "1-0"]
[WhiteElo "2562"]
[BlackElo "2394"]
[PlyCount "105"]
[EventDate "2021.??.??"]
[EventType "blitz"]

1. e4 e5 2. Nf3 d5 3. Nxe5 Bd6 4. d4 dxe4 5. Bc4 Bxe5 6. dxe5 Qxd1+ 7. Kxd1 Nc6
8. Bf4 Nge7 9. Re1 Bf5 10. Nc3 O-O-O+ 11. Kc1 Ng6 12. Bg5 Rd4 13. Bxf7 Ngxe5
14. Bb3 Re8 15. h3 h6 16. Be3 Rd7 17. Rd1 Rxd1+ 18. Kxd1 Rd8+ 19. Ke2 Nd4+ 20.
Bxd4 Rxd4 21. Rd1 Rxd1 22. Nxd1 Nc6 23. c3 Kd7 24. Ne3 Be6 25. Nc2 Bxb3 26.
axb3 Na5 27. b4 Nc4 28. b3 Nd6 29. c4 Ke6 30. Ke3 Ke5 31. Nd4 c6 32. g4 g6 33.
Ne2 b5 34. c5 Nc8 35. Nc3 Ne7 36. Nxe4 Nd5+ 37. Kf3 Nxb4 38. h4 Nd3 39. h5 gxh5
40. gxh5 Ne1+ 41. Ke3 Nc2+ 42. Kd3 Nb4+ 43. Kc3 Kxe4 44. Kxb4 Kf3 45. Ka5 Kxf2
46. Ka6 Kf3 47. Kb7 Kg4 48. Kxc6 Kxh5 49. Kxb5 Kg4 50. c6 h5 51. c7 h4 52.
c8=Q+ Kg3 53. Qb7 {Normal} 1-0

[Event "Rated Blitz game"]
[Site "?"]
[Date "2021.05.27"]
[Round "?"]
[White "GuruChessAcademy"]
[Black "Taabling"]
[Result "0-1"]
[WhiteElo "2436"]
[BlackElo "2467"]
[PlyCount "48"]
[EventDate "2021.??.??"]
[EventType "blitz"]

1. e4 e5 2. Nf3 d5 3. Nxe5 Bd6 4. d4 dxe4 5. Bf4 Nf6 6. Nc3 Bb4 7. Bc4 O-O 8.
Qd2 c5 9. dxc5 Qa5 10. O-O Bxc3 11. bxc3 Qxc5 12. Qd4 Qa5 13. Bg5 Nc6 14. Nxc6
Qxg5 15. Nxa7 Bh3 16. g3 Bxf1 17. Rxf1 Qh5 18. h4 Qf3 19. Nb5 Rfd8 20. Nd6 e3
21. Bxf7+ Kh8 22. Bc4 exf2+ 23. Rxf2 Qxg3+ 24. Rg2 Qxd6 {Time forfeit} 0-1

[Event "Rated Blitz game"]
[Site "?"]
[Date "2021.05.27"]
[Round "?"]
[White "LuisFlores_UPC"]
[Black "annaly1979"]
[Result "1-0"]
[WhiteElo "2469"]
[BlackElo "2415"]
[PlyCount "59"]
[EventDate "2021.??.??"]
[EventType "blitz"]

1. e4 e5 2. Nf3 d5 3. Nxe5 Qe7 4. d4 f6 5. Nd3 Nc6 6. c3 Bf5 7. Nc5 Bxe4 8. Be3
Nd8 9. Qb3 c6 10. Nxe4 Qxe4 11. Nd2 Qg6 12. c4 dxc4 13. Bxc4 Bd6 14. O-O Ne7
15. Rfe1 b5 16. Be6 f5 17. d5 Nxe6 18. dxe6 O-O 19. Nf3 a6 20. Rad1 Rfd8 21.
Bb6 c5 22. Bxd8 Rxd8 23. Qa3 Qh5 24. Qxa6 Bxh2+ 25. Kf1 Rxd1 26. Rxd1 h6 27.
Rd8+ Kh7 28. Qa8 Kg6 29. Rf8 Bd6 30. Qe8+ {Time forfeit} 1-0

[Event "Rated Blitz game"]
[Site "?"]
[Date "2021.05.27"]
[Round "?"]
[White "WhisperingXylophone"]
[Black "annaly1979"]
[Result "1-0"]
[WhiteElo "2473"]
[BlackElo "2435"]
[PlyCount "153"]
[EventDate "2021.??.??"]
[EventType "blitz"]

1. e4 e5 2. Nf3 d5 3. Nxe5 Qe7 4. d4 f6 5. Nf3 dxe4 6. Nfd2 f5 7. Bc4 Nf6 8.
O-O Be6 9. Nc3 c6 10. f3 Nbd7 11. fxe4 fxe4 12. Qe2 Bd5 13. Re1 O-O-O 14. Ndxe4
Nxe4 15. Nxe4 Nb6 16. Bxd5 Nxd5 17. Bg5 Nf6 18. Nxf6 gxf6 19. Qg4+ Qd7 20.
Qxd7+ Rxd7 21. Bxf6 Rg8 22. Re8+ Kc7 23. Rae1 Rf7 24. Bh4 Kb6 25. c4 Rg4 26.
Bd8+ Ka6 27. R8e4 Rg8 28. R1e3 Bb4 29. Bh4 Rgf8 30. h3 Bd6 31. Bg3 Rf1+ 32. Kh2
Bxg3+ 33. Kxg3 R1f2 34. Ra3+ Kb6 35. Rb3+ Ka6 36. Re7 R2f7 37. Rxf7 Rxf7 38. d5
cxd5 39. cxd5 Rd7 40. Rd3 Kb5 41. Kf4 Kc4 42. Rd1 Rxd5 43. Rxd5 Kxd5 44. g4 b5
45. g5 a5 46. h4 Ke6 47. Ke4 Kd6 48. Kd4 a4 49. h5 Ke6 50. g6 hxg6 51. hxg6 Kf6
52. Kc5 b4 53. Kxb4 a3 54. Kxa3 Kxg6 55. b4 Kf5 56. Ka4 Ke6 57. b5 Kd7 58. Kb4
Kc8 59. a4 Kb7 60. a5 Ka7 61. a6 Kb6 62. Ka4 Ka7 63. Ka5 Kb8 64. b6 Ka8 65. Kb5
Kb8 66. Kc6 Ka8 67. b7+ Kb8 68. Kb5 Ka7 69. Kc6 Kb8 70. Kd7 Ka7 71. Kc7 Kxa6
72. b8=Q Ka5 73. Kc6 Ka4 74. Kc5 Ka5 75. Kc4 Ka6 76. Kc5 Ka5 77. Qb5# {Normal}
1-0

[Event "Rated Blitz game"]
[Site "?"]
[Date "2021.05.27"]
[Round "?"]
[White "sandokhane"]
[Black "GoughPhar"]
[Result "1-0"]
[WhiteElo "2398"]
[BlackElo "2457"]
[PlyCount "33"]
[EventDate "2021.??.??"]
[EventType "blitz"]

1. e4 e5 2. Nf3 d5 3. exd5 e4 4. Ne5 Qxd5 5. d4 exd3 6. Nxd3 Bf5 7. Nc3 Qd7 8.
Be2 Nc6 9. O-O Nf6 10. Bf3 O-O-O 11. Bg5 Be7 12. Nb5 Kb8 13. Bf4 Nd5 14. Bxd5
Qxd5 15. Bxc7+ Ka8 16. Bxd8 Rxd8 17. Nc7+ {Normal} 1-0

[Event "Rated Blitz tournament kf9hXAfk"]
[Site "?"]
[Date "2021.05.27"]
[Round "?"]
[White "Westerbeck"]
[Black "Naufal_Raja"]
[Result "1-0"]
[WhiteElo "2476"]
[BlackElo "2488"]
[PlyCount "29"]
[EventDate "2021.??.??"]
[EventType "blitz"]

1. e4 e5 2. Nf3 d5 3. exd5 e4 4. Qe2 Nf6 5. Ng5 Bb4 6. c3 Qxd5 7. d3 Ba5 8.
dxe4 Qd8 9. e5 Nd5 10. Qf3 O-O 11. Bc4 c6 12. O-O Bc7 13. Re1 f6 14. exf6 Rxf6
15. Qh5 {Normal} 1-0

[Event "Rated Blitz game"]
[Site "?"]
[Date "2021.05.27"]
[Round "?"]
[White "YEIKOCASTELLA"]
[Black "ieks"]
[Result "1-0"]
[WhiteElo "2407"]
[BlackElo "2435"]
[PlyCount "77"]
[EventDate "2021.??.??"]
[EventType "blitz"]

1. e4 e5 2. Nf3 d5 3. exd5 Bd6 4. Nc3 f5 5. d4 e4 6. Ne5 Nf6 7. Bb5+ Nbd7 8.
Bg5 O-O 9. Bxd7 Bxd7 10. Qd2 Bb4 11. O-O Qe8 12. a3 Bxc3 13. bxc3 Nxd5 14. c4
Nf6 15. c5 Be6 16. c4 c6 17. Rab1 Qe7 18. f4 Rad8 19. Qe3 Qc7 20. Rfd1 h6 21.
Bh4 Rde8 22. Rd2 Ng4 23. Nxg4 fxg4 24. d5 cxd5 25. cxd5 Bf5 26. d6 Qd7 27. Rdb2
Rb8 28. Be7 Rfc8 29. Qd4 Qc6 30. Rd1 Qxc5 31. Qxc5 Rxc5 32. d7 Bxd7 33. Bxc5
Bc6 34. Bxa7 Re8 35. Bb6 e3 36. Rd8 e2 37. Rxe2 Rxd8 38. Bxd8 Kf7 39. f5 {
Normal} 1-0

[Event "Rated Blitz tournament NjgYYRat"]
[Site "?"]
[Date "2021.05.27"]
[Round "?"]
[White "Patzerovski"]
[Black "VVV-31"]
[Result "1-0"]
[WhiteElo "2505"]
[BlackElo "2331"]
[PlyCount "117"]
[EventDate "2021.??.??"]
[EventType "blitz"]

1. e4 e5 2. Nf3 d5 3. Nxe5 Bd6 4. d4 dxe4 5. Nc4 Nf6 6. Nxd6+ Qxd6 7. Be2 O-O
8. O-O Rd8 9. c3 Nc6 10. Bg5 h6 11. Bh4 Bf5 12. Qb3 Rab8 13. Bg3 Qe7 14. Nd2
Nd5 15. Nc4 Be6 16. Qc2 f5 17. Qc1 b5 18. Ne5 Nxe5 19. Bxe5 Rbc8 20. Bxb5 c5
21. Qd2 cxd4 22. cxd4 Qb7 23. Qe2 Nb4 24. Rfc1 a6 25. Bc4 Bxc4 26. Rxc4 Nd3 27.
Rxc8 Rxc8 28. b3 Qd5 29. Rd1 Rd8 30. Rf1 Nxe5 31. dxe5 Qxe5 32. Qxa6 Rd2 33.
Qc4+ Kh7 34. b4 Qb2 35. Qf7 Qxb4 36. Qxf5+ Kg8 37. Rc1 Rd8 38. g3 Qd2 39. Rc7
Qxa2 40. Qxe4 Qa1+ 41. Kg2 Qf6 42. Qc4+ Kh7 43. Rc8 Rxc8 44. Qxc8 h5 45. Qc2+
g6 46. h4 Kh6 47. Qe4 Qd6 48. Qf4+ Qxf4 49. gxf4 Kg7 50. Kf3 Kf6 51. Ke4 Ke6
52. f5+ gxf5+ 53. Kf4 Kf6 54. f3 Ke6 55. Kg5 Ke5 56. Kxh5 Kf4 57. Kg6 Kxf3 58.
Kxf5 Kg3 59. h5 {Normal} 1-0

[Event "Rated Blitz game"]
[Site "?"]
[Date "2021.05.27"]
[Round "?"]
[White "Cor64"]
[Black "Monkey_King"]
[Result "0-1"]
[WhiteElo "2538"]
[BlackElo "2540"]
[PlyCount "76"]
[EventDate "2021.??.??"]
[EventType "blitz"]

1. e4 e5 2. Nf3 d5 3. exd5 e4 4. Ne5 Qxd5 5. d4 exd3 6. Nxd3 Nf6 7. Nc3 Qf5 8.
Be2 Bd6 9. Be3 O-O 10. Qd2 Nc6 11. O-O-O Be6 12. h3 Ne4 13. Nxe4 Qxe4 14. Kb1
a5 15. Bf3 Qc4 16. b3 Qa6 17. Nb2 a4 18. Be2 b5 19. bxa4 Rfb8 20. Ka1 Ba3 21.
Rb1 Bxb2+ 22. Rxb2 Qxa4 23. c4 bxc4 24. Rhb1 Rxb2 25. Rxb2 h6 26. Bd1 Qa3 27.
Qc2 c3 28. Rb3 Bxb3 29. Qxb3 Qd6 30. Bc2 Nb4 31. Qxc3 Rxa2+ 32. Kb1 Rxc2 33.
Qa3 Qd1+ 34. Bc1 Nd3 35. Qa8+ Kh7 36. Qe4+ g6 37. Qe1 Nxe1 38. Ka1 Qxc1# {
Normal} 0-1

[Event "Rated Blitz tournament PeANRce8"]
[Site "?"]
[Date "2021.05.27"]
[Round "?"]
[White "Hungz"]
[Black "Jorny_Too_Pass"]
[Result "1-0"]
[WhiteElo "2450"]
[BlackElo "2261"]
[PlyCount "69"]
[EventDate "2021.??.??"]
[EventType "blitz"]

1. e4 e5 2. Nf3 d5 3. d3 Nc6 4. c3 Be6 5. Be2 f6 6. O-O Qd7 7. Re1 O-O-O 8. Qc2
Kb8 9. b4 h5 10. a4 h4 11. a5 g5 12. b5 Nce7 13. b6 a6 14. bxc7+ Qxc7 15. Be3
Rc8 16. Bb6 Qd7 17. Na3 g4 18. Nd2 g3 19. Reb1 Ng6 20. exd5 Bxd5 21. Nac4 Nf4
22. Ne4 f5 23. Nxe5 Qe6 24. Qd2 Qxe5 25. Bd4 Nxe2+ 26. Qxe2 Qe8 27. Bxh8 fxe4
28. d4 Bd6 29. Qxa6 gxf2+ 30. Kh1 Qg6 31. Be5 e3 32. Bxd6+ Qxd6 33. Qxd6+ Ka8
34. Qxd5 Rb8 35. a6 {Normal} 1-0

[Event "Rated Blitz game"]
[Site "?"]
[Date "2021.05.27"]
[Round "?"]
[White "emiliooo"]
[Black "ieks"]
[Result "1-0"]
[WhiteElo "2595"]
[BlackElo "2429"]
[PlyCount "81"]
[EventDate "2021.??.??"]
[EventType "blitz"]

1. e4 e5 2. Nf3 d5 3. Nxe5 Bd6 4. d4 dxe4 5. Nc4 Nf6 6. Nc3 O-O 7. Bg5 Bf5 8.
Be2 Nc6 9. Ne3 Bg6 10. Qd2 Bb4 11. O-O-O Qd6 12. Bxf6 Qxf6 13. a3 Bxc3 14. bxc3
Qxf2 15. Rdf1 Qh4 16. d5 Rad8 17. c4 Qe7 18. Qc3 Ne5 19. h4 f6 20. h5 Bf7 21.
Nf5 Qc5 22. Qg3 g6 23. hxg6 Bxg6 24. Rh4 Rd7 25. Rfh1 Rff7 26. Rh6 Kf8 27. Nh4
e3 28. Kb2 Qd4+ 29. Ka2 Nxc4 30. Nxg6+ hxg6 31. Rh8+ Ke7 32. Rb1 Qc3 33. Bxc4
Qxc4+ 34. Ka1 Qc3+ 35. Rb2 Rxd5 36. Ka2 Qc4+ 37. Ka1 Rd1+ 38. Rb1 Qc3+ 39. Ka2
Qxc2+ 40. Rb2 Qc4+ 41. Rb3 {Time forfeit} 1-0

[Event "Rated Blitz game"]
[Site "?"]
[Date "2021.05.27"]
[Round "?"]
[White "SunshineBand"]
[Black "TheMonsterNotTheNM"]
[Result "1-0"]
[WhiteElo "2601"]
[BlackElo "2489"]
[PlyCount "45"]
[EventDate "2021.??.??"]
[EventType "blitz"]

1. e4 e5 2. Nf3 d5 3. d4 dxe4 4. Nxe5 Bd6 5. Nc4 Nf6 6. Nxd6+ Qxd6 7. Be2 Nc6
8. Be3 Nd5 9. c4 Nxe3 10. fxe3 Qh6 11. Qd2 Qh4+ 12. g3 Qh6 13. Nc3 Bf5 14.
O-O-O O-O 15. g4 Bd7 16. h4 Rfe8 17. g5 Qd6 18. h5 Bf5 19. Rdf1 g6 20. c5 Qd7
21. Bc4 Kh8 22. Nd5 Na5 23. Qxa5 {Normal} 1-0

[Event "Rated Blitz game"]
[Site "?"]
[Date "2021.05.27"]
[Round "?"]
[White "brunosten"]
[Black "KinzyabulatovRenat"]
[Result "1-0"]
[WhiteElo "2527"]
[BlackElo "2358"]
[PlyCount "107"]
[EventDate "2021.??.??"]
[EventType "blitz"]

1. e4 e5 2. Nf3 d5 3. exd5 e4 4. Nd4 Qxd5 5. Nb5 Qe5 6. Qe2 Nc6 7. N1c3 a6 8.
d4 Qe7 9. Nd5 axb5 10. Nxe7 Bxe7 11. Qxe4 Nf6 12. Qd3 Nb4 13. Qxb5+ c6 14. Qc4
Be6 15. Qe2 O-O 16. c3 Nxa2 17. Be3 Nxc3 18. Rxa8 Nxe2 19. Rxf8+ Kxf8 20. Bxe2
b5 21. f3 Bd6 22. Kf2 Bd5 23. Ra1 Ke7 24. Ra7+ Ke6 25. h3 h6 26. g4 g6 27. f4
Ne4+ 28. Ke1 Ng3 29. Bd3 h5 30. Kf2 Ne4+ 31. Bxe4 Bxe4 32. Ra8 hxg4 33. hxg4
Kd5 34. Re8 Bc2 35. Kg3 g5 36. Rd8 Ke6 37. Kf3 gxf4 38. Bxf4 Bxf4 39. Kxf4 Bg6
40. Rc8 Kd7 41. Ra8 Kd6 42. Kg5 Kd5 43. Rd8+ Kc4 44. Kf6 b4 45. Rd6 Kb5 46. g5
b3 47. Rd7 Kc4 48. Rxf7 Bxf7 49. Kxf7 Kxd4 50. g6 c5 51. g7 c4 52. g8=Q c3 53.
Qg7+ Ke4 54. Qxc3 {Normal} 1-0

[Event "Rated Blitz game"]
[Site "?"]
[Date "2021.05.27"]
[Round "?"]
[White "ehud50"]
[Black "Tristan2020"]
[Result "1-0"]
[WhiteElo "2446"]
[BlackElo "2294"]
[PlyCount "107"]
[EventDate "2021.??.??"]
[EventType "blitz"]

1. e4 e5 2. Nf3 d5 3. Nxe5 Bd6 4. d4 dxe4 5. Nc4 Nf6 6. Nxd6+ Qxd6 7. Be3 Bg4
8. Qd2 O-O 9. Nc3 Nc6 10. h3 Bh5 11. g4 Bg6 12. Bg2 Rfe8 13. O-O-O Nb4 14. Kb1
Nfd5 15. Nxd5 Nxd5 16. h4 h6 17. h5 Bh7 18. g5 hxg5 19. Bxg5 Qb4 20. Qxb4 Nxb4
21. a3 Nd5 22. h6 g6 23. c4 Nb6 24. b3 f5 25. Rhe1 c6 26. f3 exf3 27. Bxf3 Kf7
28. a4 Rxe1 29. Rxe1 Re8 30. Rxe8 Kxe8 31. a5 Nc8 32. a6 bxa6 33. Bxc6+ Kf7 34.
Bd5+ Ke8 35. Bb7 Nd6 36. Bxa6 Ne4 37. Bb5+ Kf7 38. Be3 g5 39. Kb2 f4 40. Bg1 g4
41. Bc6 Nd2 42. Kc3 Nf3 43. Bxf3 gxf3 44. d5 Kg6 45. d6 Kf7 46. Kd4 Ke6 47. c5
Bc2 48. b4 a6 49. Bf2 Bh7 50. Kc4 Kd7 51. Kd5 Bg8+ 52. Ke5 Kc6 53. Kxf4 Kb5 54.
d7 {Normal} 1-0

[Event "Rated Blitz game"]
[Site "?"]
[Date "2021.05.27"]
[Round "?"]
[White "lucas444"]
[Black "annaly1979"]
[Result "1-0"]
[WhiteElo "2554"]
[BlackElo "2449"]
[PlyCount "59"]
[EventDate "2021.??.??"]
[EventType "blitz"]

1. e4 e5 2. Nf3 d5 3. exd5 e4 4. Ne5 Bd6 5. d4 Nf6 6. Bc4 O-O 7. O-O h6 8. Nc3
Bf5 9. h3 Re8 10. Be3 a6 11. a4 Nbd7 12. Nxd7 Qxd7 13. f4 exf3 14. Qxf3 Bxc2
15. Rac1 Be4 16. Nxe4 Nxe4 17. Bd3 Ng3 18. Rfe1 f5 19. Bf4 Ne4 20. Bxe4 fxe4
21. Rxe4 Rf8 22. Qg3 Rxf4 23. Rxf4 Qxa4 24. Re1 Qa5 25. Re5 Qa1+ 26. Rf1 Qxb2
27. Qe3 Bxe5 28. dxe5 Re8 29. e6 c6 30. d6 {Normal} 1-0

[Event "Rated Blitz tournament CgRDejf4"]
[Site "?"]
[Date "2021.05.27"]
[Round "?"]
[White "CrazyFromYourSide"]
[Black "gmmds2694"]
[Result "1/2-1/2"]
[WhiteElo "2251"]
[BlackElo "2551"]
[PlyCount "151"]
[EventDate "2021.??.??"]
[EventType "blitz"]

1. e4 e5 2. Nf3 d5 3. Nxe5 Bd6 4. Nf3 dxe4 5. Qe2 Nf6 6. d3 O-O 7. dxe4 Nxe4 8.
Be3 Re8 9. Nbd2 Bf5 10. O-O-O Qf6 11. Nxe4 Bxe4 12. Bd4 Qh6+ 13. Qd2 Qg6 14.
Ne5 Qf5 15. Nc4 Bf8 16. f3 Bc6 17. Bd3 Qd5 18. Bc3 Nd7 19. Bxh7+ Kxh7 20. Qxd5
Bxd5 21. Rxd5 Nc5 22. Rhd1 c6 23. Rh5+ Kg6 24. g4 f6 25. Rf5 Rad8 26. Rxd8 Rxd8
27. h4 Ne6 28. h5+ Kf7 29. Ne5+ Ke8 30. Ng6 Bc5 31. b3 Nd4 32. Bxd4 Bxd4 33. h6
gxh6 34. Rh5 Kf7 35. Nh4 Be3+ 36. Kb2 Bg5 37. Nf5 Kg6 38. Ne7+ Kf7 39. Nf5 Kg6
40. Nh4+ Bxh4 41. Rxh4 Rd2 42. Kc3 Rf2 43. Rh3 Kg5 44. a4 a5 45. Kd3 Kf4 46.
Rxh6 Rxf3+ 47. Ke2 Kxg4 48. Rg6+ Kh5 49. Rg7 Rc3 50. Kd2 Rc5 51. Rxb7 f5 52.
Rg7 Kh4 53. c4 Re5 54. Kc3 f4 55. Kd4 Re1 56. Kc5 f3 57. Kxc6 f2 58. Rf7 f1=Q
59. Rxf1 Rxf1 60. Kb5 Rb1 61. Kxa5 Rxb3 62. c5 Kg5 63. c6 Kf6 64. c7 Rc3 65.
Kb6 Ke7 66. a5 Kd7 67. a6 Rc6+ 68. Kb7 Rxc7+ 69. Kb8 Rc8+ 70. Kb7 Rc1 71. a7
Rb1+ 72. Ka8 Ra1 73. Kb7 Rb1+ 74. Ka8 Ra1 75. Kb7 Rxa7+ 76. Kxa7 {Normal}
1/2-1/2

[Event "Rated Blitz game"]
[Site "?"]
[Date "2021.05.27"]
[Round "?"]
[White "man_man_lai"]
[Black "annaly1979"]
[Result "1-0"]
[WhiteElo "2573"]
[BlackElo "2441"]
[PlyCount "33"]
[EventDate "2021.??.??"]
[EventType "blitz"]

1. e4 e5 2. Nf3 d5 3. d4 dxe4 4. Nxe5 Bd6 5. Nc4 Nf6 6. Bg5 h6 7. Bh4 Bf5 8.
Nc3 Nbd7 9. Ne3 Bg6 10. Bc4 c6 11. a4 O-O 12. O-O Qc7 13. Bg3 Rfe8 14. Ba2 Rad8
15. Ne2 Bh5 16. Qd2 Bf4 17. Bxf4 {Normal} 1-0